Náročnejšie plniť úlohy národných výborov Celoslovenská porada vlády s vedúcimi predstaviteľmi národných výborov

Bibliographic Details
Main Author: Meško, Jaroslav, 1927-1983 (Author)
Format: Article
Language:Slovak
Subjects:

MARC

LEADER 00000nab a2200000 a 4500
001 vtls000024228
003 SK-MaSNL
005 20260303193407.0
008 160211c1979 xo 0 slo
015 |a SNBRB19rr/mm-uuuuu 
035 |a CL0034322 
040 |a SNKBUCL  |b slo  |c SNKBUCL  |e AACR2 
041 0 |a slo 
044 |a xo  |c SK 
080 |a 328  |2 1981 
080 |a 353  |2 1981 
080 |a 352  |2 1981 
100 1 |a Meško, Jaroslav,  |d 1927-1983  |4 aut  |9 234120 
245 1 0 |a Náročnejšie plniť úlohy národných výborov  |b Celoslovenská porada vlády s vedúcimi predstaviteľmi národných výborov  |c Jaroslav Meško 
650 0 7 |a vláda SSR  |2 snkbucl  |9 926026 
650 0 7 |a národné výbory  |2 snkbucl  |9 59059 
651 7 |a 5100  |2 snkbucl  |9 166206 
655 7 |a články z novín a časopisov  |2 snkbucl  |9 267496 
773 0 |t Pravda  |g Roč. 60, č. 92 (19. 4. 1979), s. 1-2 
850 |a Slovenská národná knižnica v Martine  |a MTA001 
852 |a SNK  |b KIS3GCP 
958 |a RK 
992 |a RBX 
999 |c 2152148  |d 2154078